| 000 | 00543nam a22001817a 4500 | ||
|---|---|---|---|
| 999 |
_c41107 _d41107 |
||
| 003 | OSt | ||
| 005 | 20210310145548.0 | ||
| 008 | 210310b ||||| |||| 00| 0 eng d | ||
| 020 | _a9788131704967 | ||
| 040 | _coclc | ||
| 082 |
_a001.42 _bKUM/R |
||
| 100 |
_98534 _aKumar, Ranjit |
||
| 245 |
_aResearch Methodology : _bA Step By Step Guide For Beginners / _cRanjit Kumar |
||
| 250 | _a2nd Ed. | ||
| 260 |
_aAustralia: _bPearson Education, _c2016. |
||
| 300 | _a332p | ||
| 942 |
_2ddc _cBK _h001.42 _iKUM/R _k001.42 _mKUM/R |
||